London Landmarks Picture Quiz - Statistics

General Stats
  • This quiz has been taken 224 times
  • The average score is 9 of 15
Answer Stats
Picture Answer % Correct
Buckingham Palace
88%
Tower Bridge
87%
St. Paul's Cathedral
81%
The Shard
80%
Piccadilly Circus
78%
Westminster Abbey
74%
Harrods
71%
Trafalgar Square
69%
Gherkin
65%
The Globe Theater
63%
London Bridge
57%
HMS Belfast
45%
Cenotaph
34%
City Hall
25%
Battersea Power Station
4%
No matching quizzes found
Score Distribution
Percent of People with Each Score
Percentile by Number Answered
Your Score History
You have not taken this quiz